| 000 | 00671nam a22002057a 4500 | ||
|---|---|---|---|
| 005 | 20161122105655.0 | ||
| 010 | _aENG-116599 | ||
| 020 |
_a9789351437956 _c795.00 |
||
| 035 | _aEN-100131 | ||
| 037 | _bDBAD/PUB | ||
| 082 | _a346.54048 | ||
| 100 | _aRavindran,Sudhir Raja | ||
| 245 |
_aIntellectual prorety risk management / _cby Sudhir Raja Ravindran |
||
| 250 | _a9th ed. by S.S. Subramani | ||
| 260 |
_aGurgaon _bLexis Nexis _c2016 |
||
| 270 |
_a14th floor, Building no 10, tower-B, DLF Cyber City, Phase-II, _bGurgaon (Haryana 0 _e122002 |
||
| 300 |
_axxvii, 451p _c23cm(pbk) |
||
| 500 | _aIncludes index | ||
| 942 |
_2ddc _cEN _h346.54048 _mRAV |
||
| 999 |
_c104686 _d104686 |
||